| 000 | 00533nam a2200193 i 4500 | ||
|---|---|---|---|
| 001 | 100911 | ||
| 003 | ES-MaACL | ||
| 005 | 20250911062649.0 | ||
| 007 | t| | ||
| 008 | 051006s1960 sp ||||1| spa d | ||
| 100 | 1 |
_aMatute, Ana María, _d1925-2014 _979165 |
|
| 245 | 1 | 0 |
_aTres y un sueño / _cAna María Matute. |
| 260 |
_aBarcelona : _bDestino, _c1960. |
||
| 300 |
_a140 p. ; _c18 cm. |
||
| 490 | 1 | _aAncora y delfín | |
| 830 | 0 | 0 |
_aÁncora y Delfín _9151298 |
| 852 |
_aES-MaACL _jC-19821 _bR.47503 |
||
| 999 |
_c100911 _d100911 |
||